000 00554nam a2200193Ia 4500
005 20250326141107.0
008 250326s9999 xx 000 0 und d
020 _a0-87584-912-1
037 _aTextbook
040 _aFMSL
_beng
_cFMSL
041 _aeng
_2eng
084 _aD65.8(2:55) N9
_qFMSL
100 _aHARVARD
_9743688
245 0 _aHarvard business reviewon business value of IT
_cHARVARD
260 _aUSA
_bUSA, Harvard business review
_c1999
300 _a239p
942 _cTB
_hD65.8(2:55) N9
999 _c1288676
_d1288676